LEADER 01588nam0 22003133i 450 001 VAN0276615 005 20240603022517.153 100 $a20240603d1957 |0itac50 ba 101 $aita 102 $aIT 105 $a|||| ||||| 200 1 $aIntroduzione alla scienza dell'educazione con particolare riguardo alla teoria dell'educazione e dell'istruzione$fFriedrich Schneider$ga cura di Mauro Laeng 210 $aBrescia$cLa Scuola$d1957 215 $a430 p.$d21 cm 300 $aTraduzione di Graziella Ballanti 410 1$1001VAN0276595$12001 $aMeridiani dell'educazione$ecollana di Pedagogia straniera contemporanea$f diretta da Aldo Agazzi$1210 $aBrescia$cLa Scuola.$v14 500 1$3VAN0276657$aEinfuhrung in die Erziehungswissenschaft : mit besonderer Berucksichtigung der Lehre vom Erziehen und Unterrichten / Friedrich Schneider.$93602856 620 $dBrescia$3VANL000126 676 $a370$v21 700 1$aSchneider$bFriedrich$3VANV229359$4070$0241913 702 1$aLaeng$bMauro$3VANV013632$4340 712 02$aLa Scuola$ceditore$3VANV108348$4650 791 02$ala scuola$zLa Scuola $3VANV222888 801 $aIT$bSOL$c20240607$gRICA 899 $aBIBLIOTECA DEL DIPARTIMENTO DI PSICOLOGIA$1IT-CE0119$2VAN16 912 $aVAN0276615 950 $aBIBLIOTECA DEL DIPARTIMENTO DI PSICOLOGIA$d16CONS 4669 $e16OM 513 20240603 $sBuono 996 $aEinfuhrung in die Erziehungswissenschaft : mit besonderer Berucksichtigung der Lehre vom Erziehen und Unterrichten$93602856 997 $aUNICAMPANIA LEADER 02321nam0 22005293i 450 001 VAN0277674 005 20240715021609.278 017 70$2N$a9783031020704 100 $a20240611d2022 |0itac50 ba 101 $aeng 102 $aCH 105 $a|||| ||||| 200 1 $aIntroduction to Geometric Control$fYuri Sachkov 210 $aCham$cSpringer$d2022 215 $avi, 162 p.$cill.$d24 cm 300 $aTranslated from the Russian 410 1$1001VAN0067197$12001 $aSpringer optimization and its applications$1210 $aBerlin [etc.]$cSpringer$d2006-$v192 500 1$3VAN0277676$aGeometricheskaya teoriya upravleniya$94164625 606 $a49-XX$xCalculus of variations and optimal control; optimization [MSC 2020]$3VANC019757$2MF 606 $a49K15$xOptimality conditions for problems involving ordinary differential equations [MSC 2020]$3VANC024589$2MF 606 $a53C17$xSub-Riemannian geometry [MSC 2020]$3VANC026654$2MF 606 $a93-XX$xSystems theory; control [MSC 2020]$3VANC027040$2MF 610 $aControllability problem$9KW:K 610 $aCourse geometric control$9KW:K 610 $aDido problem$9KW:K 610 $aFrobenius theorem$9KW:K 610 $aGeometric control theory$9KW:K 610 $aKalman controllability$9KW:K 610 $aOptimal control on Lie groups$9KW:K 610 $aOptimal control problem$9KW:K 610 $aOrbit theorem$9KW:K 610 $aOxherding picture$9KW:K 610 $aPontryagin Maximum Principle$9KW:K 610 $aSmooth manifolds$9KW:K 610 $aSub-Riemannian$9KW:K 610 $aText geometric control$9KW:K 620 $aCH$dCham$3VANL001889 700 1$aSachkov$bYuri$3VANV230178$01250292 712 $aSpringer $3VANV108073$4650 801 $aIT$bSOL$c20240719$gRICA 856 4 $uhttps://doi.org/10.1007/978-3-031-02070-4$zE-book ? Accesso al full-text attraverso riconoscimento IP di Ateneo, proxy e/o Shibboleth 899 $aBIBLIOTECA DEL DIPARTIMENTO DI MATEMATICA E FISICA$1IT-CE0120$2VAN08 912 $fN 912 $aVAN0277674 950 $aBIBLIOTECA DEL DIPARTIMENTO DI MATEMATICA E FISICA$d08CONS e-Book 8773 $e08eMF8773 20240618 996 $aGeometricheskaya teoriya upravleniya$94164625 997 $aUNICAMPANIA